Medzinárodné zdaňovanie podľa Smernice Rady (EÚ) 2016/1164 z 12 júla 2016 obsah smernice

Členenie a obsah Smernice Rady (EÚ) 2016/1164 z 12 júla 2016.

Salvato in:
Dettagli Bibliografici
Autore principale: Šlosárová, Anna
Natura: Capitolo di libro
Lingua:slovacco
Soggetti:
Tags: Aggiungi Tag
Nessun Tag, puoi essere il primo ad aggiungerne!!

MARC

LEADER 00000naa a2200000 4500
001 0247923
005 20240502073951.3
041 0 |a slo 
044 |a SK 
245 1 0 |a Medzinárodné zdaňovanie podľa Smernice Rady (EÚ) 2016/1164 z 12 júla 2016 obsah smernice  |c Anna Šlosárová 
520 |a Členenie a obsah Smernice Rady (EÚ) 2016/1164 z 12 júla 2016. 
610 2 0 |a zdaňovanie medzinárodné 
610 2 0 |a Európska únia 
610 2 0 |a smernice 
610 2 0 |a povinnosť daňová 
610 2 0 |a dane z príjmov 
100 1 |a Šlosárová, Anna